[Event "European Youth Chess Championship G14"]
[Site "Prague, Top Hotel Prague"]
[Date "2012.08.21"]
[Round "5.1"]
[White "Kisteneva, Liza"]
[Black "Harazinska, Ewa"]
[Result "1-0"]
[WhiteElo "2040"]
[BlackElo "1975"]
[PlyCount "0"]
[EventDate "2012.08.17"]

1. e4 {[%clk 1:30:56]} e5 {[%clk 1:30:44]} 2. Nf3 {[%clk 1:31:22]} Nc6
{[%clk 1:31:04]} 3. Bb5 {[%clk 1:31:48]} a6 {[%clk 1:31:28]} 4. Ba4
{[%clk 1:32:08]} Nf6 {[%clk 1:31:45]} 5. O-O {[%clk 1:31:59]} Nxe4
{[%clk 1:32:07]} 6. Re1 {[%clk 1:31:25]} Nc5 {[%clk 1:32:16]} 7. Bxc6
{[%clk 1:29:02]} dxc6 {[%clk 1:32:35]} 8. Nxe5 {[%clk 1:23:39]} Ne6
{[%clk 1:32:36]} 9. Qf3 {[%clk 1:19:53]} Qf6 {[%clk 1:28:15]} 10. Qxf6
{[%clk 1:14:21]} gxf6 {[%clk 1:26:27]} 11. Nf3 {[%clk 1:14:33]} Be7
{[%clk 1:25:09]} 12. d4 {[%clk 1:14:28]} Bd7 {[%clk 1:20:38]} 13. c4
{[%clk 1:13:58]} Bb4 {[%clk 1:20:00]} 14. Bd2 {[%clk 1:05:59]} Bxd2
{[%clk 1:20:20]} 15. Nbxd2 {[%clk 1:06:25]} O-O-O {[%clk 1:20:26]} 16. Ne4
{[%clk 1:06:25]} f5 {[%clk 1:18:46]} 17. Nf6 {[%clk 1:05:47]} Be8
{[%clk 1:12:19]} 18. Re5 {[%clk 0:59:44]} h5 {[%clk 1:08:28]} 19. Rae1
{[%clk 0:59:31]} b5 {[%clk 0:58:21]} 20. d5 {[%clk 0:49:16]} cxd5
{[%clk 0:57:49]} 21. cxd5 {[%clk 0:49:41]} Ng7 {[%clk 0:57:49]} 22. b4
{[%clk 0:49:18]} Bd7 {[%clk 0:57:30]} 23. Ng5 {[%clk 0:49:03]} Rh6
{[%clk 0:57:15]} 24. Nxd7 {[%clk 0:44:28]} Rxd7 {[%clk 0:57:35]} 25. Nh3
{[%clk 0:39:11]} Kd8 {[%clk 0:54:06]} 26. Nf4 {[%clk 0:37:12]} Rh8
{[%clk 0:53:30]} 27. h4 {[%clk 0:36:57]} Rh6 {[%clk 0:50:07]} 28. Rc1
{[%clk 0:33:45]} Rh8 {[%clk 0:40:26]} 29. f3 {[%clk 0:25:42]} Re8
{[%clk 0:38:28]} 30. Rxe8+ {[%clk 0:25:05]} Nxe8 {[%clk 0:37:46]} 31. Rc6
{[%clk 0:24:57]} Ke7 {[%clk 0:34:54]} 32. Rxa6 {[%clk 0:19:49]} Nf6
{[%clk 0:35:11]} 33. Rc6 {[%clk 0:18:38]} Nxd5 {[%clk 0:33:36]} 34. Nxd5+
{[%clk 0:18:50]} Rxd5 {[%clk 0:34:03]} 35. Rxc7+ {[%clk 0:19:13]} Ke6
{[%clk 0:33:35]} 36. Rc6+ {[%clk 0:19:29]} Ke7 {[%clk 0:33:25]} 37. Rc5
{[%clk 0:19:11]} Rxc5 {[%clk 0:32:47]} 38. bxc5 {[%clk 0:19:36]} Kd7
{[%clk 0:33:16]} 39. g4 {[%clk 0:19:37]} 1-0

[Event "European Youth Chess Championship G14"]
[Site "Prague, Top Hotel Prague"]
[Date "2012.08.21"]
[Round "5.2"]
[White "Mammadova, Narmin"]
[Black "Paramzina, Anastasya"]
[Result "0-1"]
[WhiteElo "1980"]
[BlackElo "2021"]
[PlyCount "0"]
[EventDate "2012.08.17"]

1. d4 {[%clk 1:30:42]} d5 {[%clk 1:30:49]} 2. Nf3 {[%clk 1:31:05]} Nf6
{[%clk 1:31:12]} 3. e3 {[%clk 1:31:29]} e6 {[%clk 1:30:20]} 4. Bd3
{[%clk 1:31:32]} c5 {[%clk 1:28:32]} 5. c3 {[%clk 1:31:17]} Nc6 {[%clk 1:27:50]}
6. Nbd2 {[%clk 1:31:10]} Bd6 {[%clk 1:24:32]} 7. Qe2 {[%clk 1:29:28]} O-O
{[%clk 1:22:53]} 8. O-O {[%clk 1:27:16]} Re8 {[%clk 1:14:48]} 9. e4
{[%clk 1:15:27]} e5 {[%clk 0:53:29]} 10. dxc5 {[%clk 1:06:45]} Bxc5
{[%clk 0:53:15]} 11. h3 {[%clk 0:50:42]} Nh5 {[%clk 0:49:53]} 12. Nb3
{[%clk 0:43:57]} Bb6 {[%clk 0:40:22]} 13. Rd1 {[%clk 0:39:15]} dxe4
{[%clk 0:26:36]} 14. Bxe4 {[%clk 0:37:31]} Qe7 {[%clk 0:26:39]} 15. Bg5
{[%clk 0:22:39]} f6 {[%clk 0:26:02]} 16. Be3 {[%clk 0:18:07]} Bxe3
{[%clk 0:24:38]} 17. Qxe3 {[%clk 0:17:50]} f5 {[%clk 0:24:02]} 18. Bd5+
{[%clk 0:17:12]} Kh8 {[%clk 0:24:23]} 19. Bc4 {[%clk 0:07:57]} f4
{[%clk 0:23:33]} 20. Qe2 {[%clk 0:07:40]} e4 {[%clk 0:23:12]} 21. Nfd4
{[%clk 0:04:44]} Qg5 {[%clk 0:20:36]} 22. Nf3 {[%clk 0:03:39]} Qg6
{[%clk 0:18:32]} 23. Nh4 {[%clk 0:03:56]} Qh6 {[%clk 0:18:05]} 24. Bf7
{[%clk 0:02:46]} Re5 {[%clk 0:16:48]} 25. Nf3 {[%clk 0:01:36]} Re7
{[%clk 0:17:01]} 26. Bc4 {[%clk 0:01:14]} Bxh3 {[%clk 0:14:43]} 27. gxh3
{[%clk 0:00:56]} exf3 {[%clk 0:15:09]} 28. Qxf3 {[%clk 0:01:21]} Ne5
{[%clk 0:15:36]} 29. Qd5 {[%clk 0:01:17]} Nf6 {[%clk 0:15:44]} 30. Qg2
{[%clk 0:00:47]} Nxc4 {[%clk 0:15:54]} 31. Rd4 {[%clk 0:00:58]} Ne5
{[%clk 0:15:41]} 32. Rad1 {[%clk 0:01:15]} Nc6 {[%clk 0:15:24]} 33. Rd6
{[%clk 0:01:04]} Rae8 {[%clk 0:15:40]} 34. Nc5 {[%clk 0:00:37]} Re5
{[%clk 0:15:51]} 35. Kf1 {[%clk 0:00:36]} Rxc5 {[%clk 0:15:59]} 36. b4
{[%clk 0:00:36]} Rg5 {[%clk 0:16:08]} 37. Qf3 {[%clk 0:00:36]} Qg6
{[%clk 0:14:26]} 38. Qh1 {[%clk 0:00:43]} Qf5 {[%clk 0:13:56]} 39. c4
{[%clk 0:00:36]} f3 {[%clk 0:13:33]} 40. b5 {[%clk 0:30:38]} Qe4 {[%clk 0:43:40]}
41. R6d2 {[%clk 0:30:47]} Qxc4+ {[%clk 0:43:55]} 42. Rd3 {[%clk 0:31:06]} Ne5
{[%clk 0:44:18]} 0-1

[Event "European Youth Chess Championship G14"]
[Site "Prague, Top Hotel Prague"]
[Date "2012.08.21"]
[Round "5.3"]
[White "Wozniak, Mariola"]
[Black "Beinenson, Katsiaryna"]
[Result "0-1"]
[WhiteElo "1966"]
[BlackElo "1946"]
[PlyCount "0"]
[EventDate "2012.08.17"]

1. e4 {[%clk 1:30:59]} d6 {[%clk 1:30:38]} 2. d4 {[%clk 1:31:21]} Nd7
{[%clk 1:31:04]} 3. Nc3 {[%clk 1:28:44]} e5 {[%clk 1:31:23]} 4. Nf3
{[%clk 1:28:08]} Ngf6 {[%clk 1:31:46]} 5. Bc4 {[%clk 1:27:30]} Be7
{[%clk 1:21:57]} 6. h3 {[%clk 1:09:41]} O-O {[%clk 1:21:57]} 7. Be3
{[%clk 1:09:59]} c6 {[%clk 1:21:59]} 8. a4 {[%clk 1:07:29]} Qc7 {[%clk 1:13:02]}
9. Bb3 {[%clk 1:03:39]} a5 {[%clk 1:08:50]} 10. Qe2 {[%clk 1:02:10]} h6
{[%clk 0:59:06]} 11. O-O-O {[%clk 0:55:45]} b5 {[%clk 0:37:18]} 12. axb5
{[%clk 0:50:14]} a4 {[%clk 0:37:11]} 13. Bc4 {[%clk 0:32:03]} a3 {[%clk 0:33:48]}
14. d5 {[%clk 0:19:43]} Qa5 {[%clk 0:31:10]} 15. Qd3 {[%clk 0:15:37]} axb2+
{[%clk 0:30:55]} 16. Kd2 {[%clk 0:16:03]} cxd5 {[%clk 0:24:46]} 17. Bxd5
{[%clk 0:15:43]} Nxd5 {[%clk 0:24:48]} 18. Qxd5 {[%clk 0:15:15]} Nf6
{[%clk 0:24:35]} 19. Qd3 {[%clk 0:11:59]} d5 {[%clk 0:22:40]} 20. Nxe5
{[%clk 0:09:29]} Nxe4+ {[%clk 0:23:02]} 21. Ke1 {[%clk 0:08:28]} Qxc3+
{[%clk 0:23:18]} 22. Bd2 {[%clk 0:08:06]} Qxe5 {[%clk 0:23:30]} 0-1

[Event "European Youth Chess Championship G14"]
[Site "Prague, Top Hotel Prague"]
[Date "2012.08.21"]
[Round "5.4"]
[White "Menzi, Nezihe Ezgi"]
[Black "Rodionova, Daria"]
[Result "0-1"]
[WhiteElo "1876"]
[BlackElo "2074"]
[PlyCount "0"]
[EventDate "2012.08.17"]

1. e4 {[%clk 1:30:59]} c5 {[%clk 1:30:57]} 2. Nf3 {[%clk 1:31:25]} Nc6
{[%clk 1:31:25]} 3. Bb5 {[%clk 1:31:51]} e6 {[%clk 1:31:52]} 4. O-O
{[%clk 1:32:14]} Nge7 {[%clk 1:32:21]} 5. Re1 {[%clk 1:32:38]} a6
{[%clk 1:32:47]} 6. Bf1 {[%clk 1:33:06]} d5 {[%clk 1:33:09]} 7. exd5
{[%clk 1:33:33]} Qxd5 {[%clk 1:33:31]} 8. Nc3 {[%clk 1:33:59]} Qd8
{[%clk 1:33:31]} 9. Ne4 {[%clk 1:33:31]} Nf5 {[%clk 1:33:36]} 10. d3
{[%clk 1:31:26]} Be7 {[%clk 1:33:44]} 11. Bf4 {[%clk 1:27:57]} f6
{[%clk 1:28:45]} 12. Ng3 {[%clk 1:15:41]} e5 {[%clk 1:24:23]} 13. Nxf5
{[%clk 1:14:22]} Bxf5 {[%clk 1:24:35]} 14. Nh4 {[%clk 1:10:23]} Be6
{[%clk 1:22:51]} 15. Be3 {[%clk 1:00:47]} O-O {[%clk 1:22:14]} 16. Qh5
{[%clk 0:56:41]} f5 {[%clk 1:19:35]} 17. Nf3 {[%clk 0:55:56]} f4 {[%clk 1:18:35]}
18. Bd2 {[%clk 0:53:09]} Rf5 {[%clk 1:17:40]} 19. Qg4 {[%clk 0:50:31]} Rf6
{[%clk 1:17:02]} 20. Qg5 {[%clk 0:49:21]} Rg6 {[%clk 1:16:40]} 21. Qxg6
{[%clk 0:48:23]} hxg6 {[%clk 1:17:07]} 22. Nxe5 {[%clk 0:48:47]} Nxe5
{[%clk 1:14:54]} 23. Rxe5 {[%clk 0:49:16]} Bf5 {[%clk 1:14:59]} 24. Bxf4
{[%clk 0:49:22]} Bf6 {[%clk 1:07:27]} 25. Rxc5 {[%clk 0:47:11]} Bd4
{[%clk 1:07:47]} 26. Rc7 {[%clk 0:46:53]} g5 {[%clk 1:05:44]} 27. Bg3
{[%clk 0:47:22]} Bxf2+ {[%clk 0:58:15]} 28. Kxf2 {[%clk 0:47:29]} Qd4+
{[%clk 0:58:36]} 29. Ke1 {[%clk 0:46:32]} Qe3+ {[%clk 0:58:54]} 30. Be2
{[%clk 0:46:18]} Bg4 {[%clk 0:59:07]} 0-1

[Event "European Youth Chess Championship G14"]
[Site "Prague, Top Hotel Prague"]
[Date "2012.08.21"]
[Round "5.5"]
[White "Dadello, Aleksandra"]
[Black "Dordzhieva, Dinara"]
[Result "0-1"]
[WhiteElo "1888"]
[BlackElo "2055"]
[PlyCount "0"]
[EventDate "2012.08.17"]

1. e4 {[%clk 1:30:57]} c5 {[%clk 1:30:57]} 2. Nf3 {[%clk 1:31:21]} d6
{[%clk 1:31:25]} 3. d4 {[%clk 1:31:44]} cxd4 {[%clk 1:31:51]} 4. Nxd4
{[%clk 1:32:08]} Nf6 {[%clk 1:32:19]} 5. Nc3 {[%clk 1:32:25]} a6 {[%clk 1:32:45]}
6. f3 {[%clk 1:32:17]} e6 {[%clk 1:32:57]} 7. Be3 {[%clk 1:32:23]} b5
{[%clk 1:33:17]} 8. Qd2 {[%clk 1:32:09]} b4 {[%clk 1:33:25]} 9. Nce2
{[%clk 1:29:34]} e5 {[%clk 1:33:48]} 10. Nb3 {[%clk 1:26:53]} Nc6
{[%clk 1:34:08]} 11. g4 {[%clk 1:15:41]} h6 {[%clk 1:34:23]} 12. Ng3
{[%clk 1:11:22]} g6 {[%clk 1:25:28]} 13. O-O-O {[%clk 1:04:21]} Be6
{[%clk 1:22:30]} 14. g5 {[%clk 0:57:15]} hxg5 {[%clk 1:22:43]} 15. Bxg5
{[%clk 0:57:33]} Be7 {[%clk 1:17:03]} 16. Bxf6 {[%clk 0:36:29]} Bxf6
{[%clk 1:17:28]} 17. Qxd6 {[%clk 0:36:36]} Qc8 {[%clk 1:14:14]} 18. Kb1
{[%clk 0:31:01]} Be7 {[%clk 1:12:25]} 19. Qd2 {[%clk 0:30:31]} a5
{[%clk 1:08:44]} 20. f4 {[%clk 0:25:18]} a4 {[%clk 0:52:34]} 21. Nc1
{[%clk 0:23:21]} exf4 {[%clk 0:43:43]} 22. Qxf4 {[%clk 0:21:57]} a3
{[%clk 0:44:02]} 23. Bb5 {[%clk 0:17:55]} Kf8 {[%clk 0:42:02]} 24. h4
{[%clk 0:13:31]} axb2 {[%clk 0:40:32]} 25. Nb3 {[%clk 0:13:03]} Qb7
{[%clk 0:21:56]} 26. Bxc6 {[%clk 0:12:03]} Qxc6 {[%clk 0:22:22]} 27. Qe5
{[%clk 0:12:06]} Qc3 {[%clk 0:17:30]} 28. Rd4 {[%clk 0:08:44]} Kg8
{[%clk 0:13:37]} 29. Nf5 {[%clk 0:07:37]} Bxf5 {[%clk 0:12:55]} 30. exf5
{[%clk 0:05:50]} Qc6 {[%clk 0:06:58]} 31. Rdd1 {[%clk 0:03:22]} Bf6
{[%clk 0:06:45]} 32. Qg3 {[%clk 0:03:09]} Qa4 {[%clk 0:05:40]} 33. Nc1
{[%clk 0:01:18]} bxc1=Q+ {[%clk 0:05:52]} 34. Kxc1 {[%clk 0:01:44]} Qxa2
{[%clk 0:01:53]} 35. fxg6 {[%clk 0:01:06]} Qb2+ {[%clk 0:02:01]} 36. Kd2
{[%clk 0:01:31]} Rd8+ {[%clk 0:02:01]} 37. Ke1 {[%clk 0:01:22]} Qc3+
{[%clk 0:01:08]} 38. Qxc3 {[%clk 0:01:44]} Bxc3+ {[%clk 0:01:36]} 39. Ke2
{[%clk 0:02:08]} Rxd1 {[%clk 0:01:01]} 40. gxf7+ {[%clk 0:32:32]} Kxf7
{[%clk 0:31:28]} 41. Rxd1 {[%clk 0:29:45]} Rxh4 {[%clk 0:31:46]} 42. Ke3
{[%clk 0:27:02]} Rh2 {[%clk 0:31:37]} 43. Kd3 {[%clk 0:27:14]} Ke6
{[%clk 0:31:25]} 44. Rg1 {[%clk 0:26:31]} Rd2+ {[%clk 0:30:36]} 45. Ke4
{[%clk 0:26:49]} Rxc2 {[%clk 0:30:58]} 46. Rg6+ {[%clk 0:27:14]} Bf6
{[%clk 0:30:40]} 47. Kd3 {[%clk 0:27:35]} b3 {[%clk 0:30:21]} 48. Rg1
{[%clk 0:27:55]} Ra2 {[%clk 0:29:52]} 0-1

[Event "European Youth Chess Championship G14"]
[Site "Prague, Top Hotel Prague"]
[Date "2012.08.21"]
[Round "5.6"]
[White "Khomeriki, Nino"]
[Black "Vidic, Teja"]
[Result "1-0"]
[WhiteElo "2030"]
[BlackElo "1888"]
[PlyCount "0"]
[EventDate "2012.08.17"]

1. d4 {[%clk 1:30:42]} Nf6 {[%clk 1:30:25]} 2. Nf3 {[%clk 1:30:40]} e6
{[%clk 1:30:07]} 3. e3 {[%clk 1:30:43]} c5 {[%clk 1:30:04]} 4. Bd3
{[%clk 1:30:47]} b6 {[%clk 1:29:25]} 5. b3 {[%clk 1:30:45]} Bb7 {[%clk 1:28:57]}
6. Bb2 {[%clk 1:30:38]} Be7 {[%clk 1:28:54]} 7. Nbd2 {[%clk 1:29:59]} O-O
{[%clk 1:28:27]} 8. O-O {[%clk 1:30:08]} d5 {[%clk 1:25:26]} 9. Qe2
{[%clk 1:24:53]} Nc6 {[%clk 1:18:01]} 10. a3 {[%clk 1:24:46]} Rc8
{[%clk 1:12:55]} 11. Ne5 {[%clk 1:17:48]} Nxe5 {[%clk 1:05:21]} 12. dxe5
{[%clk 1:17:37]} Nd7 {[%clk 1:04:53]} 13. f4 {[%clk 1:15:03]} g6 {[%clk 1:03:43]}
14. c4 {[%clk 1:13:12]} f5 {[%clk 0:51:15]} 15. Rad1 {[%clk 1:06:01]} Qc7
{[%clk 0:46:21]} 16. cxd5 {[%clk 1:02:59]} exd5 {[%clk 0:44:40]} 17. g4
{[%clk 0:58:13]} Qc6 {[%clk 0:36:42]} 18. gxf5 {[%clk 0:44:00]} gxf5
{[%clk 0:36:09]} 19. Rf3 {[%clk 0:43:25]} Qe6 {[%clk 0:34:22]} 20. Rg3+
{[%clk 0:32:58]} Kh8 {[%clk 0:34:26]} 21. Qh5 {[%clk 0:32:29]} Rf7
{[%clk 0:24:19]} 22. Qxf7 {[%clk 0:30:05]} Qxf7 {[%clk 0:23:50]} 23. e6+
{[%clk 0:30:29]} Bf6 {[%clk 0:22:39]} 24. exf7 {[%clk 0:30:42]} Bxb2
{[%clk 0:23:01]} 25. Bxf5 {[%clk 0:30:56]} 1-0

[Event "European Youth Chess Championship G14"]
[Site "Prague, Top Hotel Prague"]
[Date "2012.08.21"]
[Round "5.7"]
[White "Pychova, Nela"]
[Black "Malatsilava, Volha"]
[Result "0-1"]
[WhiteElo "1786"]
[BlackElo "1926"]
[PlyCount "0"]
[EventDate "2012.08.17"]

1. e4 {[%clk 1:30:55]} c5 {[%clk 1:30:52]} 2. Nf3 {[%clk 1:31:12]} d6
{[%clk 1:31:15]} 3. Bb5+ {[%clk 1:31:22]} Bd7 {[%clk 1:31:36]} 4. Bxd7+
{[%clk 1:31:45]} Qxd7 {[%clk 1:32:00]} 5. O-O {[%clk 1:31:48]} Nc6
{[%clk 1:31:59]} 6. c3 {[%clk 1:31:51]} g6 {[%clk 1:31:29]} 7. d4
{[%clk 1:31:09]} cxd4 {[%clk 1:31:52]} 8. cxd4 {[%clk 1:31:28]} Bg7
{[%clk 1:32:04]} 9. Nc3 {[%clk 1:29:46]} e6 {[%clk 1:27:38]} 10. d5
{[%clk 1:14:32]} exd5 {[%clk 1:25:55]} 11. Nxd5 {[%clk 1:12:27]} h6
{[%clk 1:14:17]} 12. Rb1 {[%clk 1:09:35]} Nge7 {[%clk 1:13:58]} 13. Bf4
{[%clk 0:58:27]} Rd8 {[%clk 1:12:41]} 14. Re1 {[%clk 0:56:14]} g5
{[%clk 1:12:14]} 15. Bg3 {[%clk 0:53:46]} O-O {[%clk 1:11:48]} 16. Nxe7+
{[%clk 0:50:46]} Qxe7 {[%clk 1:10:52]} 17. Qb3 {[%clk 0:47:26]} Rfe8
{[%clk 1:04:09]} 18. Rbd1 {[%clk 0:42:54]} Rd7 {[%clk 1:01:28]} 19. Qa3
{[%clk 0:38:35]} Red8 {[%clk 0:59:09]} 20. Rd5 {[%clk 0:31:35]} Qe6
{[%clk 0:58:02]} 21. b4 {[%clk 0:29:16]} a6 {[%clk 0:56:09]} 22. h3
{[%clk 0:28:54]} Qg6 {[%clk 0:50:36]} 23. Qb3 {[%clk 0:25:31]} Re8
{[%clk 0:49:52]} 24. a3 {[%clk 0:23:56]} Rxe4 {[%clk 0:46:36]} 25. Rxe4
{[%clk 0:23:47]} Qxe4 {[%clk 0:47:01]} 26. Rxd6 {[%clk 0:22:33]} Rxd6
{[%clk 0:47:09]} 27. Bxd6 {[%clk 0:22:55]} Nd4 {[%clk 0:44:30]} 28. Nxd4
{[%clk 0:21:23]} Bxd4 {[%clk 0:44:49]} 29. Qd1 {[%clk 0:19:07]} Qd5
{[%clk 0:45:10]} 30. Qc2 {[%clk 0:11:39]} Qxd6 {[%clk 0:45:26]} 31. Qc8+
{[%clk 0:12:01]} Kg7 {[%clk 0:45:48]} 32. Qxb7 {[%clk 0:12:23]} Qf4
{[%clk 0:45:53]} 33. Qf3 {[%clk 0:10:19]} Qc1+ {[%clk 0:46:00]} 34. Kh2
{[%clk 0:10:11]} Qd2 {[%clk 0:46:17]} 35. Kg1 {[%clk 0:09:38]} Qe1+
{[%clk 0:46:42]} 36. Kh2 {[%clk 0:09:56]} Bxf2 {[%clk 0:47:03]} 0-1

[Event "European Youth Chess Championship G14"]
[Site "Prague, Top Hotel Prague"]
[Date "2012.08.21"]
[Round "5.8"]
[White "Dyakonova, Ekaterina"]
[Black "Egorova, Ayyyna"]
[Result "0-1"]
[WhiteElo "1921"]
[BlackElo "1833"]
[PlyCount "0"]
[EventDate "2012.08.17"]

1. e4 {[%clk 1:30:59]} Nf6 {[%clk 1:30:47]} 2. e5 {[%clk 1:31:25]} Nd5
{[%clk 1:31:13]} 3. d4 {[%clk 1:31:52]} d6 {[%clk 1:31:38]} 4. c4
{[%clk 1:32:19]} Nb6 {[%clk 1:32:01]} 5. exd6 {[%clk 1:32:45]} cxd6
{[%clk 1:32:15]} 6. Nc3 {[%clk 1:32:03]} g6 {[%clk 1:32:37]} 7. Be3
{[%clk 1:29:43]} Bg7 {[%clk 1:32:55]} 8. Be2 {[%clk 1:28:53]} O-O
{[%clk 1:33:10]} 9. Nf3 {[%clk 1:28:44]} Bg4 {[%clk 1:32:13]} 10. O-O
{[%clk 1:19:29]} Nc6 {[%clk 1:32:06]} 11. b3 {[%clk 1:13:49]} f5 {[%clk 1:28:52]}
12. Ng5 {[%clk 1:08:47]} Bxe2 {[%clk 1:28:04]} 13. Nxe2 {[%clk 1:08:06]} Qc8
{[%clk 1:26:22]} 14. Rc1 {[%clk 0:56:32]} h6 {[%clk 1:21:06]} 15. Nf3
{[%clk 0:56:58]} e5 {[%clk 1:14:31]} 16. d5 {[%clk 0:52:24]} Ne7 {[%clk 1:08:47]}
17. c5 {[%clk 0:51:38]} dxc5 {[%clk 1:08:57]} 18. Rxc5 {[%clk 0:47:32]} Qd8
{[%clk 1:07:46]} 19. d6 {[%clk 0:43:40]} Nc6 {[%clk 1:07:33]} 20. b4
{[%clk 0:37:41]} e4 {[%clk 1:02:15]} 21. Ne1 {[%clk 0:34:21]} Rf6
{[%clk 0:56:06]} 22. b5 {[%clk 0:33:37]} Na5 {[%clk 0:54:39]} 23. Bf4
{[%clk 0:32:17]} Nac4 {[%clk 0:50:42]} 24. Rxc4 {[%clk 0:29:35]} Nxc4
{[%clk 0:50:38]} 25. Qd5+ {[%clk 0:30:01]} Rf7 {[%clk 0:48:58]} 26. Qxc4
{[%clk 0:30:11]} g5 {[%clk 0:48:50]} 27. Bg3 {[%clk 0:27:12]} f4 {[%clk 0:41:50]}
28. Nxf4 {[%clk 0:27:29]} gxf4 {[%clk 0:42:16]} 29. Bxf4 {[%clk 0:27:56]} Qf6
{[%clk 0:41:57]} 30. Bg3 {[%clk 0:25:55]} Bf8 {[%clk 0:39:52]} 31. Qxe4
{[%clk 0:25:42]} Bxd6 {[%clk 0:39:42]} 32. Bh4 {[%clk 0:25:20]} Qf5
{[%clk 0:35:35]} 33. Qe2 {[%clk 0:23:16]} Rc8 {[%clk 0:27:34]} 34. Nf3
{[%clk 0:22:09]} Rc2 {[%clk 0:23:39]} 35. Qe8+ {[%clk 0:21:48]} Rf8
{[%clk 0:23:45]} 36. Qe3 {[%clk 0:22:05]} Rxa2 {[%clk 0:20:16]} 37. Rd1
{[%clk 0:17:34]} Bf4 {[%clk 0:15:10]} 38. Qe7 {[%clk 0:13:58]} Bg5
{[%clk 0:08:49]} 39. Nxg5 {[%clk 0:05:56]} hxg5 {[%clk 0:08:32]} 40. Bg3
{[%clk 0:32:45]} Rxf2 {[%clk 0:38:34]} 41. Qxf8+ {[%clk 0:32:44]} Kxf8
{[%clk 0:34:46]} 42. Bxf2 {[%clk 0:33:08]} Qxb5 {[%clk 0:35:03]} 43. Bxa7
{[%clk 0:33:13]} Qa4 {[%clk 0:34:08]} 44. Bc5+ {[%clk 0:33:32]} Ke8
{[%clk 0:33:17]} 45. Re1+ {[%clk 0:33:21]} Kd7 {[%clk 0:33:28]} 46. Be3
{[%clk 0:31:15]} g4 {[%clk 0:32:46]} 47. h4 {[%clk 0:29:06]} g3 {[%clk 0:30:44]}
48. Bg5 {[%clk 0:28:44]} b5 {[%clk 0:30:39]} 49. Rf1 {[%clk 0:26:54]} b4
{[%clk 0:30:04]} 50. Bf4 {[%clk 0:25:40]} Qa3 {[%clk 0:28:57]} 51. h5
{[%clk 0:25:16]} b3 {[%clk 0:24:37]} 52. Bxg3 {[%clk 0:20:24]} b2
{[%clk 0:24:44]} 53. Kh2 {[%clk 0:18:21]} Qd3 {[%clk 0:24:05]} 54. Re1
{[%clk 0:17:06]} b1=Q {[%clk 0:24:25]} 55. Rxb1 {[%clk 0:17:31]} Qxb1
{[%clk 0:24:51]} 56. Kh3 {[%clk 0:16:31]} Qh1+ {[%clk 0:25:12]} 57. Bh2
{[%clk 0:16:16]} Ke6 {[%clk 0:25:36]} 0-1

[Event "European Youth Chess Championship G14"]
[Site "Prague, Top Hotel Prague"]
[Date "2012.08.21"]
[Round "5.9"]
[White "Janska, Jitka"]
[Black "Egyed, Viktoria"]
[Result "0-1"]
[WhiteElo "1892"]
[BlackElo "1748"]
[PlyCount "0"]
[EventDate "2012.08.17"]

1. e4 {[%clk 1:30:59]} c5 {[%clk 1:30:52]} 2. Nf3 {[%clk 1:31:25]} e6
{[%clk 1:31:14]} 3. d4 {[%clk 1:31:52]} cxd4 {[%clk 1:31:35]} 4. Nxd4
{[%clk 1:32:18]} a6 {[%clk 1:31:54]} 5. Bd3 {[%clk 1:32:42]} Qc7 {[%clk 1:31:59]}
6. O-O {[%clk 1:32:50]} Nf6 {[%clk 1:31:35]} 7. Qe2 {[%clk 1:33:06]} d6
{[%clk 1:27:58]} 8. c4 {[%clk 1:32:24]} Be7 {[%clk 1:26:55]} 9. Nc3
{[%clk 1:32:19]} O-O {[%clk 1:26:34]} 10. f4 {[%clk 1:30:51]} Nbd7
{[%clk 1:17:58]} 11. Kh1 {[%clk 1:27:42]} b6 {[%clk 1:13:07]} 12. b3
{[%clk 1:19:42]} Bb7 {[%clk 1:02:17]} 13. Bb2 {[%clk 1:16:12]} Rad8
{[%clk 0:56:59]} 14. Rae1 {[%clk 1:11:06]} Ba8 {[%clk 0:56:04]} 15. Qe3
{[%clk 1:04:09]} h6 {[%clk 0:50:29]} 16. Bb1 {[%clk 0:54:05]} Qb7
{[%clk 0:43:26]} 17. Re2 {[%clk 0:47:16]} Rfe8 {[%clk 0:32:40]} 18. h3
{[%clk 0:35:31]} Nc5 {[%clk 0:30:12]} 19. b4 {[%clk 0:30:50]} Ncd7
{[%clk 0:29:56]} 20. e5 {[%clk 0:29:36]} dxe5 {[%clk 0:29:58]} 21. fxe5
{[%clk 0:29:58]} Nh5 {[%clk 0:24:46]} 22. Be4 {[%clk 0:24:55]} Qc7
{[%clk 0:24:38]} 23. Bxa8 {[%clk 0:22:18]} Bg5 {[%clk 0:18:34]} 24. Qf3
{[%clk 0:18:24]} Nxe5 {[%clk 0:17:58]} 25. Rxe5 {[%clk 0:16:58]} Qxe5
{[%clk 0:17:08]} 26. Qxf7+ {[%clk 0:14:44]} Kh8 {[%clk 0:17:24]} 27. Qxh5
{[%clk 0:14:44]} Qxd4 {[%clk 0:14:43]} 28. Be4 {[%clk 0:10:29]} Rf8
{[%clk 0:11:46]} 29. Rf7 {[%clk 0:08:04]} Kg8 {[%clk 0:05:25]} 30. Rxf8+
{[%clk 0:04:32]} Rxf8 {[%clk 0:05:44]} 31. Bf3 {[%clk 0:04:03]} Qd2
{[%clk 0:05:39]} 32. Ne2 {[%clk 0:01:36]} Qxb2 {[%clk 0:05:41]} 33. Qg4
{[%clk 0:01:51]} Qa1+ {[%clk 0:05:00]} 34. Kh2 {[%clk 0:02:04]} Qe5+
{[%clk 0:05:18]} 35. Kh1 {[%clk 0:02:14]} Rd8 {[%clk 0:05:19]} 36. Ng3
{[%clk 0:01:08]} Rd4 {[%clk 0:05:16]} 37. Ne4 {[%clk 0:00:54]} Rxc4
{[%clk 0:05:04]} 38. Qg3 {[%clk 0:00:39]} Rc1+ {[%clk 0:05:11]} 0-1

[Event "European Youth Chess Championship G14"]
[Site "Prague, Top Hotel Prague"]
[Date "2012.08.21"]
[Round "5.10"]
[White "Schnegg, Anna-Lena"]
[Black "Sucikova, Svetlana"]
[Result "0-1"]
[WhiteElo "2088"]
[BlackElo "1843"]
[PlyCount "0"]
[EventDate "2012.08.17"]

1. e4 {[%clk 1:30:45]} e5 {[%clk 1:30:12]} 2. Nf3 {[%clk 1:30:52]} Nc6
{[%clk 1:29:42]} 3. Bb5 {[%clk 1:30:44]} a6 {[%clk 1:29:25]} 4. Ba4
{[%clk 1:30:53]} Nf6 {[%clk 1:28:44]} 5. O-O {[%clk 1:31:12]} Be7
{[%clk 1:28:13]} 6. Re1 {[%clk 1:31:30]} b5 {[%clk 1:27:30]} 7. Bb3
{[%clk 1:31:50]} d6 {[%clk 1:26:54]} 8. c3 {[%clk 1:32:07]} Na5 {[%clk 1:26:32]}
9. Bc2 {[%clk 1:31:59]} c5 {[%clk 1:26:14]} 10. h3 {[%clk 1:26:52]} O-O
{[%clk 1:26:03]} 11. d4 {[%clk 1:27:13]} Qc7 {[%clk 1:25:51]} 12. Nbd2
{[%clk 1:26:50]} Be6 {[%clk 1:23:07]} 13. d5 {[%clk 1:23:16]} Bd7
{[%clk 1:20:37]} 14. Nf1 {[%clk 1:22:25]} Ne8 {[%clk 1:19:36]} 15. g4
{[%clk 1:17:40]} g6 {[%clk 1:13:23]} 16. Bh6 {[%clk 1:14:05]} Ng7
{[%clk 1:13:14]} 17. Ng3 {[%clk 1:13:18]} Nc4 {[%clk 1:09:13]} 18. b3
{[%clk 1:10:43]} Nb6 {[%clk 1:03:18]} 19. Kh2 {[%clk 1:06:14]} Kh8
{[%clk 0:57:45]} 20. Rg1 {[%clk 1:03:40]} a5 {[%clk 0:52:35]} 21. Qd2
{[%clk 0:48:06]} b4 {[%clk 0:46:21]} 22. c4 {[%clk 0:46:09]} a4 {[%clk 0:45:28]}
23. Nf5 {[%clk 0:41:31]} Bxf5 {[%clk 0:34:47]} 24. gxf5 {[%clk 0:40:23]} axb3
{[%clk 0:34:30]} 25. Bxb3 {[%clk 0:27:26]} Rg8 {[%clk 0:28:20]} 26. Bg5
{[%clk 0:15:20]} Nh5 {[%clk 0:19:22]} 27. Rg4 {[%clk 0:11:09]} f6
{[%clk 0:13:46]} 28. fxg6 {[%clk 0:06:00]} fxg5 {[%clk 0:07:06]} 29. Nxg5
{[%clk 0:05:56]} Bxg5 {[%clk 0:07:29]} 30. Qxg5 {[%clk 0:05:38]} hxg6
{[%clk 0:07:19]} 31. Rag1 {[%clk 0:04:29]} Raf8 {[%clk 0:05:23]} 32. R1g2
{[%clk 0:04:06]} Rf4 {[%clk 0:03:00]} 33. Kg1 {[%clk 0:03:55]} Qh7
{[%clk 0:02:35]} 34. Bd1 {[%clk 0:03:46]} Nd7 {[%clk 0:02:03]} 35. Rxf4
{[%clk 0:02:33]} Nxf4 {[%clk 0:02:21]} 0-1